| 000 | 00000nam##2200000za#4500 |
| 001 | 9.570179 |
| 003 | CaOODSP |
| 005 | 20210624182122 |
| 007 | cr ||||||||||| |
| 008 | 150406|2000||||xxc|||||o f|0| 0 eng|d |
| 040 | |aCaOODSP|beng |
| 043 | |an-cn--- |
| 086 | 1 |aNH18-32/1-2000E-PDF |
| 110 | 2 |aCanada Mortgage and Housing Corporation. |
| 245 | 10|aMeasuring residential mobility of urban Aboriginal people : |h[electronic resource]|bfinal report |
| 260 | |aOttawa - Ontario : |bCanada Mortgage and Housing Corporation |cDecember 2000. |
| 300 | |a92p.|bgraphs, tables |
| 490 | 1 |aAboriginal housing series |
| 546 | |a(Résumé en français.) |
| 590 | |a11-27-Supp|b2011-11-15 |
| 830 | #0|aAboriginal housing series.|w(CaOODSP)9.506368 |
| 856 | 40|ahttp://publications.gc.ca|qPDF|s383 KB|uhttps://publications.gc.ca/collections/collection_2011/schl-cmhc/nh18-32/NH18-32-1-2000.pdf |